| 000 | 00431nam a2200181Ia 4500 | ||
|---|---|---|---|
| 001 | 2714 | ||
| 005 | 20260306144827.0 | ||
| 008 | 260306t2003||||xx |||||||||||||| ||spa|| | ||
| 041 | _aESP | ||
| 082 |
_a215 _bR15 |
||
| 100 |
_aRáez, Luis E. _eAUT |
||
| 245 | 0 | _aLas células estaminales y el embrión humano | |
| 260 | _c2003 | ||
| 300 |
_a36 páginas : _c19 cm. |
||
| 650 | _aGEN | ||
| 654 | _aCHU | ||
| 942 |
_cLIB _dJUS _fJUS _2ddc _n |
||
| 999 |
_c2714 _d2714 |
||